UM Logo

Philosophy : (Record no. 4156)

MARC details
000 -LEADER
fixed length control field 01175cam a2200325 a 4500
001 - CONTROL NUMBER
control field 13239638
003 - CONTROL NUMBER IDENTIFIER
control field OSt
005 - DATE AND TIME OF LATEST TRANSACTION
control field 20160903131129.0
008 - FIXED-LENGTH DATA ELEMENTS--GENERAL INFORMATION
fixed length control field 030616s2004 mau b 001 0 eng
010 ## - LIBRARY OF CONGRESS CONTROL NUMBER
LC control number 2003056246
020 ## - INTERNATIONAL STANDARD BOOK NUMBER
International Standard Book Number 0-07-283189-8 (alk. paper)
040 ## - CATALOGING SOURCE
Original cataloging agency DLC
Transcribing agency DLC
Modifying agency DLC
050 00 - LIBRARY OF CONGRESS CALL NUMBER
Classification number B29
Item number .P5256 2004
082 00 - DEWEY DECIMAL CLASSIFICATION NUMBER
Classification number DC 100
Edition number 2004
Item number Sh6p
100 ## - MAIN ENTRY--PERSONAL NAME
9 (RLIN) 13747
Personal name Shipka, Thomas A.
245 00 - TITLE STATEMENT
Title Philosophy :
Remainder of title paradox and discovery /
Statement of responsibility, etc. Thomas A. Shipka, Arthur J. Minton.
250 ## - EDITION STATEMENT
Edition statement Fifth Edition
260 ## - PUBLICATION, DISTRIBUTION, ETC. (IMPRINT)
Place of publication, distribution, etc. Boston :
Name of publisher, distributor, etc. McGraw Hill,
Date of publication, distribution, etc. c2004.
300 ## - PHYSICAL DESCRIPTION
Extent xv, 427 pages ;
Dimensions 23 cm.
504 ## - BIBLIOGRAPHY, ETC. NOTE
Bibliography, etc Includes bibliographical references and index.
650 #0 - SUBJECT ADDED ENTRY--TOPICAL TERM
Topical term or geographic name as entry element Philosophy.
650 #0 - SUBJECT ADDED ENTRY--TOPICAL TERM
Topical term or geographic name as entry element Ethics.
650 #0 - SUBJECT ADDED ENTRY--TOPICAL TERM
Topical term or geographic name as entry element Political science
General subdivision Philosophy.
700 1# - ADDED ENTRY--PERSONAL NAME
Personal name Minton, Arthur J.,
Dates associated with a name 1942-
856 42 - ELECTRONIC LOCATION AND ACCESS
Materials specified Publisher description
Uniform Resource Identifier <a href="http://www.loc.gov/catdir/description/mh031/2003056246.html">http://www.loc.gov/catdir/description/mh031/2003056246.html</a>
856 41 - ELECTRONIC LOCATION AND ACCESS
Materials specified Table of contents
Uniform Resource Identifier <a href="http://www.loc.gov/catdir/toc/mh031/2003056246.html">http://www.loc.gov/catdir/toc/mh031/2003056246.html</a>
906 ## - LOCAL DATA ELEMENT F, LDF (RLIN)
a 7
b cbc
c orignew
d 1
e ocip
f 20
g y-gencatlg
942 ## - ADDED ENTRY ELEMENTS (KOHA)
Source of classification or shelving scheme Dewey Decimal Classification
Koha item type Circulation
Holdings
Withdrawn status Lost status Source of classification or shelving scheme Damaged status Not for loan Collection code Home library Current library Shelving location Date acquired Source of acquisition Total Checkouts Full call number Barcode Date last seen Date last checked out Price effective from Koha item type
    Dewey Decimal Classification     Circulation UM Digos College - LIC UM Digos College - LIC Book Cart 04/26/2010 PLMP 7 DC 100 Sh6p 2004 20740 12/01/2022 11/29/2022 08/26/2016 Circulation